01013nam a22001337a 4500008004100000020001400041050001500055100001700070245004600087260002600133300002900159500002000188505067100208150317b xxu||||| |||| 00| 0 eng d a998807143 aLB1049.P38 aPaul, Kevin. aStudy smarter, not harder. /cKevin Paul. aU.S.A:bE.P.P,c2002. axiv,217p.:bill.;c25cm. aIncludes index. aContents:Introduction:The knowledge explosion -- You can learn anything -- The fundamentals:Your astonishing brain and your amazing intelligences -- Preparation:The most important part of learning -- Memory -- Concentration -- Principles of study skills ( A summary of the story so far) -- The toolbox:Goal setting and motivation -- Time management -- Information source 1:Study reading -- Information source 2:Class lectures -- Study tools -- Examinations -- Essays -- Success:How to keep it going once you get it -- Specialty tools:Top tip lists -- 10-day quick start program to supercharge your studying and keep it supercharged -- 5-day emergency cramming guide.